[Event "Le Touquet op 18th"]
[Site "Le Touquet"]
[Date "2003.10.28"]
[Round "3"]
[White "Lorand, Philippe"]
[Black "Olivier, Jean Christophe"]
[Result "0-1"]
[WhiteElo "2146"]
[BlackElo "2398"]
[PlyCount "88"]
[EventDate "2003.10.26"]
[EventType "swiss"]
[EventRounds "9"]
[EventCountry "FRA"]
[SourceTitle "EXT 2004"]
[Source "ChessBase"]
[SourceDate "2003.11.25"]
[SourceVersion "1"]
[SourceVersionDate "2003.11.25"]
[SourceQuality "1"]

1. e4 c5 2. Nf3 d6 3. d4 cxd4 4. Nxd4 Nf6 5. Nc3 a6 6. Bg5 e6 7. f4 Be7 8. Qf3 Qc7 9. 0-0-0 Nbd7 10. g4 b5 11. Bxf6 gxf6 12. f5 Ne5 13. Qh3 0-0 14. g5 fxg5 15. fxe6 fxe6 16. Nxe6 Qd7 17. Nd5 Qxe6 18. Qxe6+ Bxe6 19. Nxe7+ Kf7 20. Nf5 Bxf5 21. exf5 Ke7 22. Bg2 Ra7 23. Rhf1 Rf6 24. Rd4 Rc7 25. b3 b4 26. Kd2 a5 27. a3 bxa3 28. Ra4 Rc5 29. h3 Nd7 30. Re1+ Kd8 31. Be4 Kc7 32. Rxa3 Re5 33. c3 Rh6 34. b4 Nb6 35. Bd3 Rxe1 36. Kxe1 Rxh3 37. bxa5 Rxd3 38. axb6+ Kxb6 39. Ke2 Rd5 40. Rb3+ Kc7 41. Ra3 Kb7 42. Rb3+ Kc6 43. Ra3 Rxf5 44. Ra6+ Kd5 0-1

[Event "Le Touquet op 16th"]
[Site "Le Touquet"]
[Date "2001.10.31"]
[Round "7"]
[White "Lorand, Philippe"]
[Black "Laurent, Bruno"]
[Result "0-1"]
[WhiteElo "2141"]
[BlackElo "2304"]
[PlyCount "64"]
[EventDate "2001.10.27"]
[EventType "swiss"]
[EventRounds "9"]
[EventCountry "FRA"]
[SourceTitle "EXT 2002"]
[Source "ChessBase"]
[SourceDate "2001.11.25"]
[SourceVersion "1"]
[SourceVersionDate "2001.11.25"]
[SourceQuality "1"]

1. e4 e5 2. Nf3 Nf6 3. Nxe5 d6 4. Nf3 Nxe4 5. d4 d5 6. Bd3 Nc6 7. 0-0 Be7 8. c4 Nb4 9. Be2 0-0 10. Nc3 Bf5 11. a3 Nxc3 12. bxc3 Nc6 13. cxd5 Qxd5 14. c4 Qd7 15. Bb2 Bf6 16. Qd2 b6 17. d5 Bxb2 18. Qxb2 Na5 19. Nd4 Nb7 20. Qd2 Nc5 21. Qf4 Be4 22. Rfe1 a6 23. Bg4 f5 24. Rxe4 Nxe4 25. Bxf5 Nc5 26. Qg4 Qe7 27. Nc6 Qf6 28. Re1 Kh8 29. Ne7 Rae8 30. Qh3 g6 31. Nxg6+ Qxg6 32. Rxe8 Rxe8 0-1

[Event "Le Touquet op 16th"]
[Site "Le Touquet"]
[Date "2001.10.28"]
[Round "3"]
[White "Lorand, Philippe"]
[Black "Lepintre, Claude"]
[Result "1-0"]
[WhiteElo "2141"]
[BlackElo "1600"]
[PlyCount "35"]
[EventDate "2001.10.27"]
[EventType "swiss"]
[EventRounds "9"]
[EventCountry "FRA"]
[SourceTitle "EXT 2002"]
[Source "ChessBase"]
[SourceDate "2001.11.25"]
[SourceVersion "1"]
[SourceVersionDate "2001.11.25"]
[SourceQuality "1"]

1. e4 e5 2. Nf3 Nc6 3. Bb5 a6 4. Ba4 Nf6 5. 0-0 b5 6. Bb3 Bb7 7. Re1 Bc5 8. c3 Ng4 9. d4 exd4 10. cxd4 Nxd4 11. Nxd4 Qh4 12. Be3 Qxh2+ 13. Kf1 Bxe4 14. f3 Qh1+ 15. Bg1 Nh2+ 16. Kf2 Ng4+ 17. fxg4 Qxg2+ 18. Ke3 1-0

[Event "Paris-ch op"]
[Site "Paris"]
[Date "2001.07.21"]
[Round "1"]
[White "Lorand, Philippe"]
[Black "Murey, Jacob"]
[Result "0-1"]
[WhiteElo "2144"]
[BlackElo "2480"]
[PlyCount "46"]
[EventDate "2001.07.21"]
[EventType "swiss"]
[EventRounds "9"]
[EventCountry "FRA"]
[SourceTitle "CBM 083 Extra"]
[Source "ChessBase"]
[SourceDate "2001.09.11"]
[SourceVersion "1"]
[SourceVersionDate "2001.09.11"]
[SourceQuality "1"]

1. e4 c5 2. Nf3 d6 3. d4 cxd4 4. Nxd4 Nf6 5. Nc3 a6 6. Bg5 e6 7. f4 Qb6 8. Nb3 Nbd7 9. Qf3 Qc7 10. Bd3 b5 11. 0-0-0 Bb7 12. Rhe1 h6 13. Bh4 Be7 14. Bf2 b4 15. Ne2 g5 16. g3 d5 17. exd5 Bxd5 18. Qe3 Ng4 19. Qd4 Bf6 20. Qxd5 exd5 21. Nc3+ Kd8 22. Nxd5 Nxf2 23. Nxc7 Kxc7 0-1

[Event "Paris-ch op"]
[Site "Paris"]
[Date "2000.07.19"]
[Round "5"]
[White "Fayard, Alain"]
[Black "Lorand, Philippe"]
[Result "1-0"]
[WhiteElo "2268"]
[BlackElo "2139"]
[PlyCount "61"]
[EventDate "2000.07.15"]
[EventType "swiss"]
[EventRounds "9"]
[EventCountry "FRA"]
[SourceTitle "EXT 2001"]
[Source "ChessBase"]
[SourceDate "2000.11.22"]
[SourceVersion "1"]
[SourceVersionDate "2000.11.22"]
[SourceQuality "1"]

1. c4 Nf6 2. g3 g6 3. Bg2 Bg7 4. Nc3 0-0 5. e4 d6 6. Nge2 e5 7. 0-0 Nc6 8. d3 Be6 9. Nd5 Nd7 10. Be3 a5 11. Qd2 Nc5 12. f4 Nd4 13. Bxd4 exd4 14. f5 Bxd5 15. cxd5 g5 16. g4 Be5 17. f6 Bxf6 18. Rf5 Kh8 19. Raf1 Nd7 20. e5 dxe5 21. Ng3 Rg8 22. Nh5 Ra6 23. Be4 Rg6 24. R5f3 Rh6 25. Qf2 Qe7 26. Qc2 Qd6 27. Qa4 c6 28. dxc6 bxc6 29. Qc4 Ra8 30. Qxc6 Be7 31. Qxa8+ 1-0

[Event "FRA-chT2O 9899"]
[Site "France"]
[Date "1998.10.18"]
[Round "1"]
[White "Lorand, Philippe"]
[Black "Blery, Gilles"]
[Result "1/2-1/2"]
[WhiteElo "2233"]
[BlackElo "2135"]
[PlyCount "110"]
[EventDate "1998.??.??"]
[EventType "team"]
[EventRounds "9"]
[EventCountry "FRA"]
[SourceTitle "EXT 2002"]
[Source "ChessBase"]
[SourceDate "2001.11.25"]
[SourceVersion "1"]
[SourceVersionDate "2001.11.25"]
[SourceQuality "1"]

1. e4 c5 2. Nf3 e6 3. d4 cxd4 4. Nxd4 Nc6 5. Nc3 Nf6 6. Ndb5 d6 7. Bf4 e5 8. Bg5 a6 9. Bxf6 gxf6 10. Na3 b5 11. Nd5 Bg7 12. Bd3 Ne7 13. Qf3 Nxd5 14. exd5 0-0 15. g4 e4 16. Bxe4 f5 17. gxf5 Bxb2 18. f6 Qxf6 19. Qxf6 Bxf6 20. 0-0-0 Bd7 21. Nb1 Rac8 22. Nd2 Rfe8 23. Bd3 Be5 24. Ne4 Kh8 25. Rdg1 Rg8 26. f3 Rxg1+ 27. Rxg1 Rg8 28. Rxg8+ Kxg8 29. Kd1 Kg7 30. h4 h6 31. Ke2 f5 32. Nd2 Kg6 33. Nf1 Bf6 34. c4 Bxh4 35. cxb5 axb5 36. Ne3 Bg5 37. Ng2 h5 38. f4 Bf6 39. Kf3 h4 40. Ne3 Bd4 41. Nc2 Bc5 42. Ne1 Bd4 43. Nc2 Bb2 44. Ne3 Bc1 45. Nc2 Kf6 46. Nd4 b4 47. Nb3 Bb2 48. Nd2 Bc3 49. Nc4 Bb5 50. Be2 Ke7 51. Ne3 Bd7 52. Bd3 Kf6 53. Nc4 Bb5 54. Be2 Ke7 55. Ne3 Bd7 1/2-1/2